| 000 | 00582nam a2200193 a 4500 | ||
|---|---|---|---|
| 005 | 20210223131157.0 | ||
| 008 | 091117s2006 mx r 000 0 spa d | ||
| 020 | _a9502314824 | ||
| 035 | _aUPN01000173757 | ||
| 049 | _aCG | ||
| 050 | 4 |
_aQR181 _bR4.7 |
|
| 245 | 0 | 0 |
_aRespuesta inmune : _banticuerpos, alergias, vacunas y reproducción humana / _cAna Cauerhff ... [et al.]. |
| 260 |
_aBuenos Aires : _bEudeba, _c2006. |
||
| 300 |
_a139 p. : _bil., tablas |
||
| 440 | 0 |
_aCiencia jóven ; _v20 |
|
| 650 | 4 |
_aINMUNOLOGIA _916630 |
|
| 700 | 1 |
_aCauerhff, Ana, _ecoaut. |
|
| 905 | _aLibro | ||
| 999 |
_c145861 _d145861 |
||